[Event "Noale Szabados Memorial-B 1st"]
[Site "Noale"]
[Date "2008.02.10"]
[Round "5"]
[White "Bevilacqua, Paride"]
[Black "Scandiuzzi, Roberto"]
[Result "1-0"]
[WhiteElo "1443"]
[BlackElo "1410"]
[PlyCount "97"]
[EventDate "2008.02.08"]
[EventType "swiss"]
[EventRounds "5"]
[EventCountry "ITA"]
[SourceTitle "EXT 2022"]
[Source "ChessBase"]
[SourceDate "2021.10.06"]
[SourceVersion "1"]
[SourceVersionDate "2021.10.06"]
[SourceQuality "1"]

1. e4 e6 2. Nf3 d5 3. exd5 exd5 4. Nc3 Nf6 5. d4 a6 6. Bd3 Bd6 7. Be3 Bg4 8. h3 Bh5 9. Qe2 Nc6 10. Bh6+ Qe7 11. Bxg7 Qxe2+ 12. Bxe2 Rg8 13. Bxf6 Rxg2 14. 0-0-0 Be7 15. Bxe7 Nxe7 16. Nh4 Bxe2 17. Nxg2 Bxd1 18. Rxd1 0-0-0 19. Ne2 Rg8 20. Rg1 Nf5 21. c3 c6 22. Ngf4 Rxg1+ 23. Nxg1 Kd7 24. Nf3 h6 25. Kc2 Ke7 26. Kb3 b6 27. Ka4 Nd6 28. b3 Nb5 29. c4 dxc4 30. bxc4 Nc3+ 31. Kb3 Ne4 32. Nd3 Ke6 33. a4 a5 34. Kc2 f6 35. Nh4 Nd6 36. Nf4+ Kf7 37. Kd3 f5 38. f3 Kf6 39. c5 bxc5 40. dxc5 Nc8 41. Kc4 Ne7 42. Nhg2 Ke5 43. Nh5 Ng6 44. Ng7 Kf6 45. Ne8+ Ke6 46. Nd6 Ke5 47. Nb7 Nf4 48. Nh4 Nxh3 49. Nxa5 1-0